000 00478nam a2200181Ia 4500
001 3777
005 20260306145708.0
008 260306t2018||||xx |||||||||||||| ||spa||
041 _aESP
082 _a303.324
_bU88
100 _aUruñuela Nájera, Pedro María
_eAUT
245 0 _aLa metodología del aprendizaje-servicio:
_baprender mejorando el mundo
260 _c2018
300 _a109 páginas :
_c21 cm.
650 _aGEN
654 _aCHU
942 _cLIB
_dJUS
_fJUS
_2ddc
_n
999 _c3777
_d3777